| 000 | 00596nam a22002297a 4500 | ||
|---|---|---|---|
| 003 | OSt | ||
| 005 | 20151028171754.0 | ||
| 008 | 130308t xxu||||| |||| 00| 0 eng d | ||
| 020 | _a9781875136216 | ||
| 050 |
_aPN 44.5 _b.M57 2007 |
||
| 082 |
_aIB 801.95014 _b M77 2007 |
||
| 100 | _aMoon, Brian | ||
| 245 |
_aLiterary terms : _ba practical glossary / _cMoon, Brian |
||
| 250 | _aRevised and exoanded edition | ||
| 260 |
_aAustralia _bCHALKFACE _c2007 |
||
| 300 |
_a176 p. _c24 cm _bill.; |
||
| 526 | _c1210L 1700L | ||
| 562 | _e2 | ||
| 942 |
_2lcc _cBK |
||
| 999 |
_c2238 _d2238 |
||